Rethinking bank regulation till angels govern
Enregistré dans:
| Auteur principal: | |
|---|---|
| Autres auteurs: | , |
| Format: | Livre |
| Langue: | anglais |
| Publié: |
Cambridge
Cambridge University Press
2006
|
| Sujets: | |
| Tags: |
Pas de tags, Soyez le premier à ajouter un tag!
|
MARC
| LEADER | 00000nam$a2200000$$$4500 | ||
|---|---|---|---|
| 001 | 0051829 | ||
| 005 | 20221128134045.7 | ||
| 020 | |a 0-521-85576-4 | ||
| 041 | 0 | |a eng | |
| 044 | |a GB | ||
| 245 | 1 | 0 | |a Rethinking bank regulation |b till angels govern |c James R. Barth, Gerard Caprio, Jr., Ross Levine |
| 264 | 1 | |a Cambridge |b Cambridge University Press |c 2006 | |
| 300 | |a CD-ROM | ||
| 610 | 2 | 0 | |a banky |
| 610 | 2 | 0 | |a bankovníctvo |
| 610 | 2 | 0 | |a sústava banková |
| 610 | 2 | 0 | |a regulácia |
| 610 | 2 | 0 | |a údaje štatistické |
| 100 | 1 | |a Barth, James R. | |
| 700 | 1 | |a Caprio, Gerard, Jr. | |
| 700 | 1 | |a Levine, Ross | |